000 01259cam a22002295a 4500
001 L150149
008 100608e2010 xxk 000 0 eng d
035 _a(Sirsi) u150149
041 0 _aeng
100 1 _aLane, Thomas
245 0 4 _aThe Regs Files
_ba guide to codes and regulations updated 2010
260 _c2010
490 _aBuilding
_v275 (8632) 4 June 2010, 1-30(23)
520 _aRegulations Special includes a round-up of the current and forthcoming legislation L, F and G and definition of zero carbon; a house with just a third of carbon emissions of a typical UK house; Part L effects of 2006 and predictions for 2010; a compliance guide for Part L; One Brighton a sustainable apartment block that includes a biomass boiler, green concrete, clay walling system and mechanical ventilation heat recovery; local authority building control departments can now set their own fees from 1 April 2010, implications; designing greener and cleaner equipment to make buildings compliant with all the latest legislation; discusses Con/Lib plans for building control.
700 1 _aRawlinson, Simon
700 1 _aCullen, Nick
700 1 _aSmith, Alex
700 1 _aEvans, Steve
700 1 _aStrong, David
700 1 _aEverall, Paul
942 _n0
999 _c82414
_d82414